№ 15; Известия Российской Академии наук. Серия 6

Opis bibliograficzny
Parent link:Известия Российской Академии наук. Серия 6: научный журнал/ Российская академия наук (РАН). № 15.— , 1918-1927
Język:rosyjski
Wydane: 1918
Format: MixedMaterials Książka
KOHA link:https://koha.lib.tpu.ru/cgi-bin/koha/opac-detail.pl?biblionumber=553168

MARC

LEADER 00000nam2a2200000 4500
001 553168
005 20231101121222.0
035 |a (RuTPU)RU\TPU\prd\246986 
035 |a RU\TPU\prd\246961 
090 |a 553168 
100 |a 20151202b1918 k y0rusy50 ca 
101 0 |a rus 
102 |a RU 
200 0 |a № 15 
210 |d 1918 
461 1 |0 (RuTPU)RU\TPU\prd\242  |t Известия Российской Академии наук. Серия 6  |o научный журнал  |f Российская академия наук (РАН)  |v № 15  |d 1918-1927 
801 0 |a RU  |b 63413507  |c 20010227  |g PSBO 
801 1 |a RU  |b 63413507  |c 20151202 
801 2 |a RU  |b 63413507  |c 20151202  |g RCR 
942 |c BK 
999 |a НТБ_ТПУ  |b РФ  |e -4/20150112  |p П-701d  |u 0,00  |v 1